|
|
|
|
| LEADER |
01285cmm a2200349 a 4500 |
| 001 |
000043469 |
| 003 |
1437 |
| 005 |
20060123110626.0 |
| 008 |
010217b2002 vm 000 vie |
| 040 |
|
|
|a LRC
|c LRC
|d LRC
|
| 041 |
0 |
|
|a vie
|
| 082 |
1 |
4 |
|a 005.133
|b PH-K
|
| 100 |
1 |
|
|a Phạm Hữu Khang,
|e chủ biên.
|
| 245 |
1 |
0 |
|a Kỹ thuật lập trình ứng dụng C#.net toàn tập
|h [Computer file - Đĩa máy tính].
|n T.3 /
|c Phạm Hữu Khang (chủ biên), Phương Lan, Hoàng Đức Hải.
|
| 260 |
|
|
|a Tp.HCM :
|b Lao động - Xã hội,
|c 2002.
|
| 300 |
|
|
|a 1 floppy disk ;
|c 3 1/2 in. +
|e 1 sách (577 tr. : mh. ; 24 cm.).
|
| 630 |
0 |
4 |
|a Tin học.
|
| 650 |
0 |
4 |
|a C# (Ngôn ngữ lập trình máy tính)
|
| 700 |
1 |
|
|a Phương Lan.
|
| 700 |
1 |
|
|a Hoàng Đức Hải.
|
| OWN |
|
|
|a DUT
|
| AVA |
|
|
|a UDN50
|b DUT
|c Visual
|d 005.133 PH-K
|e available
|t Error 5001 Not defined in file expand_doc_bib_avail.
|f 4
|g 0
|h N
|i 0
|j AV
|k 1
|
| 999 |
|
|
|a From the UDN01
|
| AVA |
|
|
|a UDN50
|b DUT
|c Visual
|d 005.133 PH-K
|e available
|t Error 5001 Not defined in file expand_doc_bib_avail.
|f 4
|g 0
|h N
|i 0
|j AV
|k 1
|
| TYP |
|
|
|a Computer file
|
| TYP |
|
|
|a Monograph
|
| 980 |
|
|
|a Mạng thư viện Đại học Đà Nẵng
|